00443nam a2200157 a 45000010005000000030009000050080041000140400028000550820016000831000017000992450064001162600051001803000010002314900014002416500030002556638CO-ViMGA141112s2004 ck r 000 u spa d aCO-ViMGAbspacCO-ViMGA04a658.15 T4671 aThorn, Derek10aFinanzas para gerentes no financieros : bguía práctica aSantafé de Bogotá : bTercer Mundo, c1994 a164 p aGerencial14aADMINISTRACION FINANCIERA